Die 5 höchsten Berge Deutschlands, Österreich & der Schweiz - Statistiken

Allgemein
  • Dieses Quiz wurde 3.101 mal gespielt
  • Das Durchschnittsergebnis liegt bei 4 aus 15
Antwortstatistiken
# Höhe in m Berg % Korrekt
1 2962 Zugspitze
97%
5 4478 Matterhorn
77%
1 3798 Großglockner
66%
3 2713 Watzmann-Mittelspitze
33%
1 4634 Dufourspitze
28%
4 3657 Großvenediger
24%
2 4545 Dom
16%
2 3768 Wildspitze
16%
4 4505 Weisshorn
11%
2 2744 Hochwanner
9%
3 3738 Weißkugel
9%
5 2607 Hochkalter
8%
3 4527 Liskamm
8%
4 2682 Leutascher Dreitorspitze
5%
5 3624 Hintere Schwärze
4%
Keine übereinstimmenden Quizze gefunden
Verteilung der Resultate
Anzahl Personen mit jedem Resultat
Perzentil nach korrekt beantworteten Fragen
Ihre Resultats-Entwicklung
Sie haben dieses Quiz noch nicht gespielt